Everton's Greatest Team - Statistics

General Stats
  • This quiz has been taken 273 times
  • The average score is 6 of 15
Answer Stats
Hint Answer % Correct
GK Neville Southall
96%
SUB Dixie Dean
77%
ST Graeme Sharp
66%
MF Alan Ball
60%
SUB Peter Reid
58%
RB Gary Stevens
51%
SUB Kevin Ratcliffe
48%
MF Kevin Sheedy
42%
CB Brian Labone
39%
ST Gary Lineker
39%
LB Ray Wilson
29%
MF Andrei Kanchelskis
16%
ST Peter Beardsley
13%
SUB Tommy Lawton
9%
CB Dave Watson
3%
No matching quizzes found
Score Distribution
Percent of People with Each Score
Percentile by Number Answered
Your Score History
You have not taken this quiz